Statistics for Biggest Russian Cities A-Z

Click here to take the quiz!

General Stats

  • This quiz has been taken 187 times
  • The average score is 11 of 21

Answer Stats

PopulationCity% Correct
M12,432,531Moscow
99%
S5,383,890Saint Petersburg
96%
Y1,483,119Yekaterinburg
86%
O1,164,815Omsk
84%
R1,133,307Rostov-on-Don
81%
U1,124,226Ufa
76%
K1,251,969Kazan
74%
N1,618,039Novosibirsk
73%
P1,053,934Perm
72%
C1,700,219Chelyabinsk
69%
V1,054,111Voronezh
58%
A534,241Astrakhan
41%
I648,944Izhevsk
39%
T788,666Tyumen
37%
G301,253Grozny
34%
B632,723Barnaul
31%
L509,420Lipetsk
26%
E225,731Engels
14%
D229,470Dzerzhinsk
9%
F60,437Fryazino
5%
Z165,375Zlatoust
5%

Score Distribution

Percentile by Number Answered

Percent of People with Each Score

Your Score History

You have not taken this quiz